Thinking gender doing gender (Record no. 606390)

MARC details
000 -LEADER
fixed length control field 00865nam a2200253Ia 4500
003 - CONTROL NUMBER IDENTIFIER
control field OSt
005 - DATE AND TIME OF LATEST TRANSACTION
control field 20220926002913.0
008 - FIXED-LENGTH DATA ELEMENTS--GENERAL INFORMATION
fixed length control field 220923b |||||||| |||| 00| 0 eng d
020 ## - INTERNATIONAL STANDARD BOOK NUMBER
International Standard Book Number 9788125062394
037 ## - SOURCE OF ACQUISITION
Terms of availability General Book
040 ## - CATALOGING SOURCE
Original cataloging agency RTL
Transcribing agency RTL
Language of cataloging eng
041 ## - LANGUAGE CODE
Source of code eng
Language code of text/sound track or separate title eng
100 ## - MAIN ENTRY--PERSONAL NAME
Personal name CHAKRAVARTI Uma
245 #0 - TITLE STATEMENT
Title Thinking gender doing gender
Remainder of title Feminist scholarship and practice today
260 ## - PUBLICATION, DISTRIBUTION, ETC.
Place of publication, distribution, etc. New Delhi
Name of publisher, distributor, etc. Orient Blackswan
Date of publication, distribution, etc. 2016
300 ## - PHYSICAL DESCRIPTION
Extent xxxi,330p
Dimensions cm.
490 ## - SERIES STATEMENT
Series statement Routledge Studies in Human Geography
500 ## - GENERAL NOTE
General note Bibliography chapterwise
942 ## - ADDED ENTRY ELEMENTS (KOHA)
Classification part Y15:3(T), Q6
Koha item type General Books
Source of classification or shelving scheme Colon Classification (CC)
Holdings
Withdrawn status Lost status Damaged status Not for loan Home library Current library Date acquired Source of acquisition Cost, normal purchase price Total Checkouts Full call number Barcode Date last seen Cost, replacement price Price effective from Koha item type
        Ratan Tata Library Ratan Tata Library 2022-09-26 RKBA\09-10\5817, 12/01/2018, RAJKIRAN BOOK AGENCY 1095.00   Y15:3(T) Q6 RT1583271 2022-09-26 1095.00 2022-09-26 General Books
Copyright @ Delhi University Library System